|
|
|
|
| LEADER |
00000nkm a2200000 a 4500 |
| 001 |
vtls011869558 |
| 003 |
SK-MaSNL |
| 005 |
20260512123638.0 |
| 007 |
kp bo |
| 008 |
230706q1941 xo g kuslo |
| 015 |
|
|
|a SNBG1941
|
| 035 |
|
|
|a urn:nbn:sk:snk-km00dt8z
|
| 035 |
|
|
|a urn:nbn:sk:snk-km3lurb
|
| 035 |
|
|
|a 3027AA28-02B2-4610-AAD2-0E96E11EE04D
|
| 040 |
|
|
|a SNK
|b slo
|c SNK
|e AACR2
|
| 041 |
0 |
|
|a slo
|
| 043 |
|
|
|a e-xo---
|
| 044 |
|
|
|a xo
|c SK
|
| 072 |
|
7 |
|a 913
|x Regionálna geografia
|2 konspekt
|
| 080 |
|
|
|a 913(437.6)
|2 2011
|
| 080 |
|
|
|a (084.121)
|2 2011
|
| 080 |
|
|
|a 726:27-523.42
|2 2011
|
| 245 |
0 |
0 |
|a Rajec
|h grafika
|
| 260 |
|
|
|a [Rajec?]
|b [vydavateľ neznámy]
|c [1941?]
|
| 300 |
|
|
|a 1 pohľadnica
|b čiernobiela
|c 14 x 9 cm
|
| 520 |
8 |
|
|a Zobrazenie: V bielom orámovaní pohľad na Farský rímskokatolícky kostol zasvätený sv. Ladislavovi zo sochou v popredí pred oplotením
|
| 610 |
2 |
7 |
|a Kostol sv. Ladislava (Rajec, Slovensko)
|2 SNKKA
|9 32654
|
| 650 |
0 |
7 |
|a kostoly
|2 SNKPH
|9 3023
|
| 651 |
|
7 |
|a Rajec (Slovensko)
|2 SNKPHgeo
|9 69415
|
| 655 |
|
7 |
|a miestne pohľadnice
|2 SNKPH
|9 70510
|
| 852 |
|
|
|a Slovenská národná knižnica
|
| 958 |
|
|
|a GBN
|
| 958 |
|
|
|a GC
|
| 958 |
|
|
|a ONDV
|
| 999 |
|
|
|c 775239
|d 777169
|
| 952 |
|
|
|a SNK
|b SNK
|y PREZ
|7 0
|p 17A1213759
|o snkSP 20346
|0 0
|1 0
|4 0
|d 2019-06-05
|f 1
|l 0
|r 2026-02-24 00:47:32
|w 2026-02-24
|